| 000 | 00633nam a2200193Ii 4500 | ||
|---|---|---|---|
| 003 | JO-AjNU | ||
| 008 | 230605s9999||||xx |||||||||||||| ||und|| | ||
| 040 |
_aJO-AjNU _bara _erda _cJO-AjNU |
||
| 041 | _aara | ||
| 050 | 1 | 4 | _aS605.D3364 |
| 100 | 3 |
_aالداهري ، عبدالوهاب مطر , _eauthor _917834 |
|
| 245 | 0 | 0 | _aاقتصاديات الاصلاح الزراعي |
| 264 | 3 | 1 | _aالموصل:وزارة البحث العلمي ، د.ت |
| 300 | _a570ص | ||
| 336 |
_atext _btxt _2rdacontent |
||
| 337 |
_aunmediated _bn _2rdamedia |
||
| 338 |
_avolume _bnc _2rdacarrier |
||
| 650 | 4 |
_aالاصلاح الزراعي _917835 |
|
| 999 |
_aA5592 _c9160 _d9160 |
||